| 000 | 01427nam0a2200361 4500 | ||
|---|---|---|---|
| 001 | RU\NLR\BIBL_A\010739788 | ||
| 005 | 20260408234719.0 | ||
| 010 |
_a978-5-4279-0040-9 _93000 |
||
| 035 | _a(NILC)RuMoRGB-007891862 | ||
| 035 | _a(NLR Aleph) 010739788 | ||
| 090 |
_a9897729 _c9897729 |
||
| 100 | _a20150424d2015 |||y0rusy50 ca | ||
| 101 | 1 |
_aeng _crus |
|
| 102 |
_aUS _aRU |
||
| 105 | _aa|||w|||000yy | ||
| 200 | 1 |
_aA sobering book _eexplanation of the Book of Ecclesiastes _fPriest Daniel Sysoev _g[transl. by Deacon Nathan Williams] |
|
| 210 |
_aNew Jersey _a[Moscow] _cDaniel Sysoev inc. _d2015 |
||
| 215 |
_a173 с. _cил. _d17 |
||
| 500 |
_8lat _aBiblia _iV.T _iEcclesiastes _7ba _3RU\NLR\AUTH\553053 _92631020 |
||
| 541 | 1 |
_aКнига, отрезвляющая человека _zrus |
|
| 605 |
_aBiblia. _iV. T _iEcclesiastes |
||
| 605 |
_aБиблия _iВетхий Завет _iЕкклесиаст _xТолкование _92233663 _3RU\NLR\AUTH\6601572733 |
||
| 605 |
_aБиблия _xИстория _91151482 _3RU\NLR\AUTH\66141472 |
||
| 686 | 2 | _aЭ37-210.913 | |
| 686 | 2 | _aЭ37-22 | |
| 700 | 1 |
_8rus _7ba _aSysoev _bD. A. _cсвященнослужитель _f1974-2009 _gDaniil Alekseevič _3RU\NLR\AUTH\77117544 _9100469 |
|
| 801 | 0 |
_aRU _bРГБ _c20150319 _gRCR |
|
| 942 | _cBOOK | ||
| 980 | _aNB | ||